000 00819nam a22002177a 4500
005 2010072205365.0
010 _aENG-97353
020 _c480.00
_a9788184501841
035 _aEN-80886
037 _bDBAD/PUB
082 _a371.350954792
100 _aHarichandan, Dhaneswar
_93446
245 _aDistance education and student support services /
_cby Dhaneswar Harichandan
260 _aNew Delhi
_bDeep & Deep Publications
_c2009
270 _aF-159, Rajouri Garden,
_bNew Delhi
_e110027
300 _avii, 141p.
_c23cm (Hb)
500 _aIncludes bibliographical references and index
700 _92116
942 _2ddc
_cEN
_mHAR
_h371.350954792
999 _c38135
_d38135